[Event "DEM U12/U12w 2000"]
[Site "Überlingen GER"]
[Date "2000.06.04"]
[Round "2"]
[White "Bodenschatz, Monique"]
[Black "Goedeke-Tort, Maheba"]
[Result "1-0"]
[Termination "normal"]
[Board "48"]
[WhiteElo "350"]
[BlackElo "916"]
[PlyCount "71"]
[EventCountry "GER"]
[EventRounds "11"]
[EventType "swiss"]
[EventDate "2000.06.03"]

1. e4 e5 2. Nf3 Nc6 3. d4 exd4 4. Nxd4 Bc5 5. Nxc6 bxc6 6. Nc3 Nf6 7. Bg5 Bb4
8. e5 Bxc3+ 9. bxc3 h6 10. Bh4 g5 11. Bg3 Ne4 12. Qf3 d5 13. c4 f5 14. cxd5
cxd5 15. c4 c6 16. cxd5 cxd5 17. e6 Bxe6 18. Bb5+ Bd7 19. Qh5+ Ke7 20. Bxd7
Qxd7 21. Be5 Rhc8 22. O-O Ke6 23. Bd4 Qh7 24. f3 Nd6 25. Rfe1+ Kd7 26. Bf6 Re8
27. Bxg5 Nf7 28. Rxe8 Rxe8 29. Bh4 Qg7 30. Qxf5+ Kd6 31. Bg3+ Kc6 32. Rc1+ Kb6
33. Bf2+ d4 34. Qc5+ Ka6 35. Qc6+ Ka5 36. Be1+ 1-0